| 000 | 00361nam a2200145Ia 4500 | ||
|---|---|---|---|
| 008 | 150201s2011 xx 000 0 und d | ||
| 082 |
_a615.1 _bL01K |
||
| 100 | _aKARCH, AMY M. | ||
| 245 | _a2001 LIPPINCOTT'S NURSING DURG GUIDE | ||
| 250 | _a1ST | ||
| 260 |
_bLIPPINCOTT _aPHILADELPHIA _c2011 |
||
| 300 | _a1439 | ||
| 650 | _aPHARMACOLOGY | ||
| 942 |
_2ddc _cBK _02 |
||
| 999 |
_c2238 _d2238 |
||